Fís : física /

Guardado en:
Autor Principal: Botto, Juan
Formato: Libro
Publicado: Buenos Aires : Tinta Fresca, 2006
Materias:
Etiquetas: Agregar Etiqueta
Sin Etiquetas, Sea el primero en etiquetar este registro!
LEADER 00960nam a22002055a 4500
001 CEM.cems017722
005 20110929113445.0
008 130507s2006##################000#0#####d
003 CEMS
020 |a 9875761265 
082 0 4 |a 530 
100 1 |a Botto, Juan 
245 1 0 |a Fís :  |b física /  |c Director Juan Botto 
260 |a Buenos Aires :  |b Tinta Fresca,  |c 2006 
300 |a 319 p. 
500 |a Para nivel polimodal 
505 0 |a La física y el conocimiento científico -- La descripción del movimiento -- Las interacciones en la naturaleza -- La mecánica celeste -- Mecánica de fluidos -- La energía mecánica -- Las transformaciones de la energía -- Calor y temperatura -- Termodinámica -- Energía eléctrica -- Electromagnetismo -- Las ondas y la tecnología actual -- Ondas sonoras -- Los fenómenos luminosos -- La física del siglo XX 
653 |a Física 
653 |a Física-polimodal 
859 |a CEMS  |b BIB. CEMS - Agricultura  |h 530  |i B659  |p A0708.08  |t Ej.1